| 000 | 00478nam a2200157 i 4500 | ||
|---|---|---|---|
| 001 | 36215 | ||
| 003 | ES-MaACL | ||
| 005 | 20230906155327.0 | ||
| 007 | t| | ||
| 008 | 030217s1921 xxk ||||1| eng d | ||
| 100 | 1 |
_aBriffault, Robert. _931715 |
|
| 245 | 1 | 0 |
_aPsyche's lamp _b: a revaluation of pyshological principles as foundation of all thought / _cby Robert Briffault. |
| 260 |
_aLondon : _bGeorge Allen, _c1921. |
||
| 300 |
_a240 p. ; _c22 cm. |
||
| 852 |
_aES-MaACL _jA-3147 |
||
| 999 |
_c36215 _d36215 |
||